书目信息 |
| 题名: |
中国交叉科学
|
|
| 作者: | 刘仲林 主编 | |
| 分册: | 第一卷 | |
| 出版信息: | 北京 科学出版社 2006.01 |
|
| 页数: | 145页 | |
| 开本: | 26cm | |
| 丛书名: | ||
| 单 册: | ||
| 中图分类: | G301 | |
| 科图分类: | ||
| 主题词: | 科学学--ke xue xue--研究--中国 | |
| 电子资源: | ||
| ISBN: | 7-03-015611-0 | |
| 000 | 00909nam0 2200253 450 | |
| 001 | 012006182843 | |
| 005 | 20060628095048.81 | |
| 010 | @a7-03-015611-0@dCNY19.00 | |
| 100 | @a20060602d2006 km y0chiy0120 ea | |
| 101 | 0 | @achi |
| 102 | @aCN@b110000 | |
| 105 | @ay z 001yy | |
| 200 | 1 | @a中国交叉科学@Azhong guo jiao cha ke xue@h第一卷@f刘仲林主编@Fliu zhong lin zhu bian |
| 210 | @a北京@c科学出版社@d2006.01 | |
| 215 | @a145页@d26cm | |
| 312 | @a英文并列题名取自封面。 | |
| 320 | @a有索引。 | |
| 330 | @a本书力图从全面和系统的视角反映我国交叉科学领域理论和实践研究的最新成果,包括跨学科学、跨学科科研、跨学科教育及跨学科哲学。作者层次高,包括多位科学院院士以及诺贝尔奖得主。 | |
| 510 | 1 | @aChina interdisciplinary science@zeng |
| 606 | 0 | @a科学学@Ake xue xue@x研究@y中国 |
| 690 | @aG301@v4 | |
| 701 | 0 | @a刘仲林@Aliu zhong lin@4主编 |
| 801 | 0 | @aCN@bQSSK@c20060628 |
| 905 | @a10447@dG301@eL733 | |
| 中国交叉科学.第一卷/刘仲林主编.-北京:科学出版社,2006.01 |
| 145页;26cm |
| ISBN 7-03-015611-0:CNY19.00 |
| 本书力图从全面和系统的视角反映我国交叉科学领域理论和实践研究的最新成果,包括跨学科学、跨学科科研、跨学科教育及跨学科哲学。作者层次高,包括多位科学院院士以及诺贝尔奖得主。 |
| ● |
| 相关链接 |
|
|
|
正题名:中国交叉科学
索取号:G301/L733
 
预约/预借
| 序号 | 登录号 | 条形码 | 馆藏地/架位号 | 状态 | 备注 |
| 1 | 581118 | 205811184 | 社科库409/409社科库 60排5列3层/ [索取号:G301/L733] | 在馆 | |
| 2 | 581119 | 205811193 | 社科库409/409社科库 60排4列4层/ [索取号:G301/L733] | 在馆 | |
| 3 | 581120 | 205811200 | 社科库409/409社科库 60排5列3层/ [索取号:G301/L733] | 在馆 |